[Event "Berlin Lichtenberger op 18th"]
[Site "Berlin"]
[Date "2019.08.25"]
[Round "9"]
[White "Tschirschwitz, Stephan"]
[Black "Kultscher, Christian"]
[Result "0-1"]
[WhiteElo "1495"]
[BlackElo "1366"]
[PlyCount "52"]
[EventDate "2019.08.17"]
[EventType "swiss"]
[EventRounds "9"]
[EventCountry "GER"]
[SourceTitle "EXT 2020"]
[Source "ChessBase"]
[SourceDate "2019.10.17"]
[SourceVersion "1"]
[SourceVersionDate "2019.10.17"]
[SourceQuality "1"]

1. d4 d5 2. c4 Nf6 3. Bf4 Nc6 4. e3 e6 5. Nc3 Bb4 6. a3 Bxc3+ 7. bxc3 h6 8. h3 0-0 9. f3 Re8 10. Bd3 e5 11. dxe5 Nxe5 12. Bxe5 Rxe5 13. Kf2 Bf5 14. Bxf5 Rxf5 15. Qd3 Ne4+ 16. Ke1 Qh4+ 17. Ke2 Ng3+ 18. Kd2 dxc4 19. Qb1 Rd5+ 20. Kc2 Nxh1 21. Qf1 Rad8 22. Re1 Rd2+ 23. Kb1 Qxe1+ 24. Qxe1 Rd1+ 25. Kc2 Rxe1 26. f4 Rxg1 0-1

[Event "Berlin Lichtenberger op 18th"]
[Site "Berlin"]
[Date "2019.08.19"]
[Round "3"]
[White "Tschirschwitz, Stephan"]
[Black "Doering, Martin"]
[Result "0-1"]
[WhiteElo "1495"]
[BlackElo "1807"]
[PlyCount "78"]
[EventDate "2019.08.17"]
[EventType "swiss"]
[EventRounds "9"]
[EventCountry "GER"]
[SourceTitle "EXT 2020"]
[Source "ChessBase"]
[SourceDate "2019.10.17"]
[SourceVersion "1"]
[SourceVersionDate "2019.10.17"]
[SourceQuality "1"]

1. d4 Nf6 2. c4 e6 3. Nc3 d5 4. Bg5 Nbd7 5. cxd5 exd5 6. e3 c6 7. Bd3 Be7 8. Nf3 0-0 9. 0-0 h6 10. Bh4 Re8 11. a3 Qb6 12. Rb1 Nf8 13. Ne5 N6d7 14. Bxe7 Rxe7 15. Nxd7 Bxd7 16. Na4 Qd8 17. Nc5 Bc8 18. b4 b6 19. Nb3 Rc7 20. Qh5 Nd7 21. Rfc1 Nf6 22. Qh4 Qd6 23. f3 Be6 24. Qf2 Rd8 25. Qb2 Re8 26. Nd2 Kh8 27. e4 Qf4 28. e5 Nd7 29. Rc3 Qxd4+ 30. Kh1 Qxe5 31. Qc2 c5 32. g4 c4 33. Bf1 b5 34. Qc1 d4 35. Rc2 Nf6 36. Ra1 Bd5 37. Kg2 Nxg4 38. Kh3 Qxh2+ 39. Kxg4 Be6# 0-1

[Event "Berlin Lichtenberger op 17th"]
[Site "Berlin"]
[Date "2018.08.23"]
[Round "6"]
[White "Tschirschwitz, Stephan"]
[Black "Schild, Reinhard"]
[Result "1/2-1/2"]
[WhiteElo "1530"]
[BlackElo "1601"]
[PlyCount "41"]
[EventDate "2018.08.18"]
[EventType "swiss"]
[EventRounds "9"]
[EventCountry "GER"]
[SourceTitle "CBM 186 Extra"]
[Source "ChessBase"]
[SourceDate "2018.08.24"]
[SourceVersion "1"]
[SourceVersionDate "2018.08.24"]
[SourceQuality "1"]

1. d4 d5 2. c4 e6 3. Nf3 Nf6 4. Bg5 Nbd7 5. Nc3 c6 6. e3 h6 7. Bh4 Bd6 8. Bd3 dxc4 9. Bxc4 0-0 10. a4 a6 11. 0-0 Qc7 12. e4 e5 13. d5 cxd5 14. Bxd5 g5 15. Bg3 Nb6 16. Qb3 Nbxd5 17. Nxd5 Nxd5 18. Qxd5 Be6 19. Qd2 Rad8 20. Nxg5 hxg5 21. Qxg5+ 1/2-1/2

[Event "Berlin Lichtenberger op 17th"]
[Site "Berlin"]
[Date "2018.08.20"]
[Round "3"]
[White "Schulz Runge, Michael"]
[Black "Tschirschwitz, Stephan"]
[Result "1-0"]
[WhiteElo "1758"]
[BlackElo "1530"]
[PlyCount "75"]
[EventDate "2018.08.18"]
[EventType "swiss"]
[EventRounds "9"]
[EventCountry "GER"]
[SourceTitle "CBM 186 Extra"]
[Source "ChessBase"]
[SourceDate "2018.08.24"]
[SourceVersion "1"]
[SourceVersionDate "2018.08.24"]
[SourceQuality "1"]

1. e4 c5 2. Nf3 Nc6 3. c3 e6 4. d4 d5 5. e5 a6 6. Bd3 Be7 7. 0-0 c4 8. Bc2 b5 9. Nbd2 Nh6 10. h3 f5 11. exf6 Bxf6 12. Re1 Nf7 13. Bf5 e5 14. Bxc8 Qxc8 15. dxe5 Be7 16. Nf1 Qe6 17. Ng3 0-0-0 18. Nd4 Nxd4 19. cxd4 g6 20. Bd2 Kb7 21. Ba5 Rc8 22. a3 Nd8 23. Qd2 Nc6 24. Bb4 Nxb4 25. axb4 h5 26. f4 Rc6 27. Rf1 Qc8 28. Rf3 h4 29. Nf1 Qf8 30. Ne3 Bxb4 31. Qc2 Qf7 32. f5 gxf5 33. Rxf5 Qe7 34. Raf1 Rc7 35. Rf7 Qd8 36. Rxc7+ Kxc7 37. Rf7+ Be7 38. Rxe7+ 1-0

[Event "Berlin Lichtenberger op 14th"]
[Site "Berlin"]
[Date "2015.08.17"]
[Round "3"]
[White "Tschirschwitz, Stephan"]
[Black "Dittrich, Hans Juergen"]
[Result "1-0"]
[WhiteElo "1551"]
[BlackElo "1401"]
[PlyCount "35"]
[EventDate "2015.08.15"]
[EventType "swiss"]
[EventRounds "9"]
[EventCountry "GER"]
[SourceTitle "EXT 2016"]
[Source "ChessBase"]
[SourceDate "2015.10.08"]
[SourceVersion "1"]
[SourceVersionDate "2015.10.08"]
[SourceQuality "1"]

1. d4 d5 2. c4 dxc4 3. e3 c6 4. Bxc4 Nf6 5. Nf3 e6 6. Nc3 Bb4 7. 0-0 0-0 8. a3 Ba5 9. b4 Bc7 10. Ne5 Nbd7 11. f4 Nb6 12. Bd3 Nbd5 13. Bd2 b6 14. Nxc6 Nxc3 15. Bxc3 Qd7 16. Ne5 Qe7 17. Qf3 Rb8 18. Nc6 1-0

[Event "Zehlendorf op 14th"]
[Site "Berlin"]
[Date "2014.05.22"]
[Round "3"]
[White "Lippianowski, Stefan"]
[Black "Tschirschwitz, Stephan"]
[Result "0-1"]
[WhiteElo "1221"]
[BlackElo "1603"]
[PlyCount "96"]
[EventDate "2014.05.08"]
[EventType "swiss"]
[EventRounds "7"]
[EventCountry "GER"]
[SourceTitle "EXT 2023"]
[Source "ChessBase"]
[SourceDate "2022.10.05"]
[SourceVersion "1"]
[SourceVersionDate "2022.10.05"]
[SourceQuality "1"]

1. d4 d5 2. Bf4 Nf6 3. Nc3 e6 4. Bg5 Nbd7 5. Nf3 a6 6. e4 dxe4 7. Nxe4 Be7 8. Bd3 Nxe4 9. Bxe7 Qxe7 10. Bxe4 Nf6 11. Qe2 Rb8 12. 0-0-0 Nxe4 13. Qxe4 b5 14. d5 Bb7 15. Qd4 0-0 16. dxe6 fxe6 17. Ne5 Bd5 18. f3 c5 19. Qg4 c4 20. c3 Rbd8 21. h4 Qf6 22. Qg3 Qf4+ 23. Qxf4 Rxf4 24. h5 Rff8 25. Rh4 Bb7 26. h6 Rxd1+ 27. Kxd1 Rf5 28. Ng4 g6 29. Ne3 Rh5 30. Rd4 Bd5 31. Ng4 Kf7 32. Rf4+ Rf5 33. Rd4 g5 34. f4 Rxf4 35. Ne5+ Kf6 36. Nd7+ Kg6 37. Ne5+ Kxh6 38. Rd2 Re4 39. Nf7+ Kg7 40. Nxg5 Rg4 41. Nf3 Kf6 42. Rf2 Ke7 43. Kd2 h5 44. Ne5 Rxg2 45. Ke3 Rxf2 46. Kxf2 Kf6 47. Nf3 Bxf3 48. Kxf3 Kf5 0-1

[Event "Berlin Lichtenberger op 11th"]
[Site "Berlin"]
[Date "2012.08.22"]
[Round "5"]
[White "Tschirschwitz, Stephan"]
[Black "Fischer, Anke"]
[Result "0-1"]
[WhiteElo "1557"]
[BlackElo "1828"]
[PlyCount "92"]
[EventDate "2012.08.18"]
[EventType "swiss"]
[EventRounds "9"]
[EventCountry "GER"]
[SourceTitle "CBM 150 Extra"]
[Source "ChessBase"]
[SourceDate "2012.10.19"]
[SourceVersion "1"]
[SourceVersionDate "2012.10.19"]
[SourceQuality "1"]

1. c4 c5 2. Nc3 Nc6 3. Nf3 g6 4. d4 cxd4 5. Nxd4 Bg7 6. e3 Nf6 7. Be2 0-0 8. f3 d6 9. 0-0 a6 10. Qb3 Qc7 11. Nxc6 bxc6 12. Kh1 Be6 13. Qc2 d5 14. c5 a5 15. Na4 Nd7 16. Rb1 d4 17. b3 Ne5 18. exd4 Bf5 19. Qb2 Bxb1 20. Qxb1 Nd7 21. Be3 e5 22. Rd1 exd4 23. Bxd4 Bxd4 24. Rxd4 Nxc5 25. Nxc5 Qe5 26. Qd3 Qxc5 27. Rc4 Qd5 28. Qc3 Rfd8 29. Kg1 Qd2 30. Kf2 Qxc3 31. Rxc3 Rd2 32. a4 Re8 33. Re3 Rxe3 34. Kxe3 Rb2 35. Bc4 Rxg2 36. Kd4 Rxh2 37. Kc5 Rf2 38. Kxc6 Rxf3 39. Kb6 Rf5 40. Bb5 h5 41. Kxa5 h4 42. Kb6 h3 43. Ka7 Rf3 44. Bc6 Rxb3 45. a5 Ra3 46. a6 g5 0-1

[Event "Berlin Lichtenberger op 11th"]
[Site "Berlin"]
[Date "2012.08.21"]
[Round "4"]
[White "Prix, Siegfried"]
[Black "Tschirschwitz, Stephan"]
[Result "1-0"]
[WhiteElo "1800"]
[BlackElo "1557"]
[PlyCount "101"]
[EventDate "2012.08.18"]
[EventType "swiss"]
[EventRounds "9"]
[EventCountry "GER"]
[SourceTitle "CBM 150 Extra"]
[Source "ChessBase"]
[SourceDate "2012.10.19"]
[SourceVersion "1"]
[SourceVersionDate "2012.10.19"]
[SourceQuality "1"]

1. e4 c5 2. c4 Nc6 3. Nf3 d6 4. d4 cxd4 5. Nxd4 e6 6. Nc3 Be7 7. Be3 a6 8. Be2 Nf6 9. 0-0 0-0 10. f4 Qc7 11. Rc1 Bd7 12. b3 Rab8 13. Bf3 Nxd4 14. Bxd4 Bc6 15. Nd5 exd5 16. cxd5 Qd7 17. dxc6 bxc6 18. e5 Nd5 19. Bg4 Qb7 20. Bf3 Qd7 21. Qe2 Nxf4 22. Qxa6 Ra8 23. Qxc6 Qxc6 24. Rxc6 dxe5 25. Bxe5 Nd3 26. Bd4 Rxa2 27. Be4 Nb4 28. Rc7 Bd6 29. Rd7 Ra6 30. Bb7 Ra3 31. Rxd6 Rxb3 32. Rb6 Rd3 33. Rxb4 Rd8 34. Bb6 Rb8 35. Bc7 Rf8 36. Ba6 Ra3 37. Bc4 Ra7 38. Bb6 Rd7 39. Bc5 Rc8 40. Bb5 Rdc7 41. Bd6 Rc2 42. Rbf4 f6 43. Bd7 Rd8 44. Be6+ Kh8 45. Rd4 Re8 46. Bf5 Rce2 47. Rh4 h6 48. Bg6 Ra8 49. Rb4 Re6 50. Bb8 Kg8 51. Rc1 1-0

[Event "Berlin Lichtenberger op 11th"]
[Site "Berlin"]
[Date "2012.08.18"]
[Round "1"]
[White "Tschirschwitz, Stephan"]
[Black "Scheide, Helmut"]
[Result "0-1"]
[WhiteElo "1557"]
[BlackElo "1998"]
[PlyCount "54"]
[EventDate "2012.08.18"]
[EventType "swiss"]
[EventRounds "9"]
[EventCountry "GER"]
[SourceTitle "CBM 150 Extra"]
[Source "ChessBase"]
[SourceDate "2012.10.19"]
[SourceVersion "1"]
[SourceVersionDate "2012.10.19"]
[SourceQuality "1"]

1. d4 Nf6 2. c4 e6 3. Nc3 Bb4 4. a3 Bxc3+ 5. bxc3 c5 6. Qc2 Nc6 7. e3 0-0 8. Nf3 d5 9. Bb2 Ne4 10. Be2 f5 11. 0-0 Bd7 12. cxd5 exd5 13. c4 cxd4 14. cxd5 Ne7 15. Bxd4 Nxd5 16. Qb3 Bc6 17. Rfd1 Qa5 18. a4 Kh8 19. Ra3 Ndf6 20. Bxf6 Rxf6 21. Bb5 Rd8 22. Rxd8+ Qxd8 23. Nd4 f4 24. Nxc6 bxc6 25. Qd3 Rd6 26. Qxe4 Rd1+ 27. Bf1 Rxf1+ 0-1

[Event "Berlin qualification op"]
[Site "Berlin"]
[Date "2010.04.05"]
[Round "3"]
[White "Schippke, Monika"]
[Black "Tschirschwitz, Stephan"]
[Result "0-1"]
[WhiteElo "1245"]
[BlackElo "1542"]
[PlyCount "94"]
[EventDate "2010.04.03"]
[EventType "swiss"]
[EventRounds "9"]
[EventCountry "GER"]
[SourceTitle "EXT 2012"]
[Source "ChessBase"]
[SourceDate "2011.11.24"]
[SourceVersion "1"]
[SourceVersionDate "2011.11.24"]
[SourceQuality "1"]

1. d4 d5 2. c4 c6 3. Nc3 Nf6 4. Bf4 Bf5 5. e3 Nbd7 6. Nf3 h6 7. Ne5 e6 8. Nxd7 Qxd7 9. a3 Bd6 10. Bxd6 Qxd6 11. c5 Qe7 12. Bd3 0-0 13. Qc2 g6 14. 0-0 Rfe8 15. e4 dxe4 16. Nxe4 Nxe4 17. Bxe4 Qf6 18. Bxf5 exf5 19. Qc3 Rad8 20. Rad1 Re4 21. Qb4 Rexd4 22. Rxd4 Qxd4 23. Qxb7 Qxc5 24. b4 Qc2 25. Qxa7 Rd1 26. Qe3 Rxf1+ 27. Kxf1 Qd1+ 28. Qe1 Qd3+ 29. Kg1 Qxa3 30. Qe8+ Kg7 31. Qe5+ Kh7 32. Qe1 Qb3 33. h3 Qc4 34. g3 c5 35. Qe7 cxb4 36. Qb7 b3 37. Kh2 Kg7 38. Qb6 Qc3 39. Kg2 b2 40. h4 Qe5 41. Kf1 Qc3 42. Kg2 Qd2 43. Qb5 Qd4 44. Kg1 Qd1+ 45. Kg2 b1Q 46. Qe5+ Kh7 47. h5 Qh1# 0-1

[Event "Berlin Lichtenberger op 8th"]
[Site "Berlin"]
[Date "2009.08.23"]
[Round "9"]
[White "Lippianowski, Stefan"]
[Black "Tschirschwitz, Stephan"]
[Result "0-1"]
[WhiteElo "936"]
[BlackElo "1561"]
[PlyCount "96"]
[EventDate "2009.08.15"]
[EventType "swiss"]
[EventRounds "9"]
[EventCountry "GER"]
[SourceTitle "CBM 131 Extra"]
[Source "ChessBase"]
[SourceDate "2009.09.03"]
[SourceVersion "2"]
[SourceVersionDate "2009.09.16"]
[SourceQuality "1"]

1. e4 c5 2. Bc4 Nc6 3. Nf3 d6 4. Nc3 e6 5. d4 cxd4 6. Nxd4 a6 7. a4 Nf6 8. Nce2 Nxe4 9. 0-0 d5 10. Bd3 Nc5 11. Be3 Nxd3 12. Qxd3 Ne5 13. Qc3 Bd6 14. Nf3 Nxf3+ 15. gxf3 Qh4 16. f4 Qg4+ 17. Kh1 Qf3+ 18. Kg1 e5 19. Bd2 Qxc3 20. Nxc3 Be6 21. Ne2 Rc8 22. c3 0-0 23. Rad1 Bf5 24. f3 Bd3 25. Rfe1 Bxe2 26. Rxe2 exf4 27. Be1 Bc5+ 28. Kg2 Rcd8 29. b4 Be3 30. Bh4 f6 31. Bf2 Rfe8 32. Kf1 Kf7 33. Kg2 Bxf2 34. Rxe8 Kxe8 35. Kxf2 Ke7 36. Re1+ Kd6 37. Rd1 Rc8 38. Rc1 b5 39. a5 Re8 40. Rg1 g5 41. h3 Re3 42. Rg2 Rxc3 43. Rg1 Rc2+ 44. Kf1 Rc1+ 45. Kf2 Rxg1 46. Kxg1 Ke5 47. Kf2 Kd4 48. Ke2 Kc3 0-1

[Event "Berlin Lichtenberger op 8th"]
[Site "Berlin"]
[Date "2009.08.22"]
[Round "8"]
[White "Tschirschwitz, Stephan"]
[Black "Noakes, Guenther"]
[Result "1-0"]
[WhiteElo "1561"]
[BlackElo "1059"]
[PlyCount "103"]
[EventDate "2009.08.15"]
[EventType "swiss"]
[EventRounds "9"]
[EventCountry "GER"]
[SourceTitle "CBM 131 Extra"]
[Source "ChessBase"]
[SourceDate "2009.09.03"]
[SourceVersion "2"]
[SourceVersionDate "2009.09.16"]
[SourceQuality "1"]

1. d4 d5 2. Nf3 Nf6 3. c4 c6 4. cxd5 cxd5 5. Nc3 Bg4 6. h3 Bxf3 7. gxf3 e6 8. Bf4 Nbd7 9. e3 Bb4 10. a3 Bxc3+ 11. bxc3 0-0 12. Qb3 b6 13. Ba6 e5 14. Bxe5 Nxe5 15. dxe5 Ne8 16. Bb7 Rb8 17. Bxd5 Nc7 18. Be4 Qd7 19. Rd1 Qe7 20. f4 Rbd8 21. Rxd8 Rxd8 22. Ke2 Rd7 23. Rd1 Qd8 24. Rxd7 Qxd7 25. f5 Qb5+ 26. Qxb5 Nxb5 27. Kd3 Nxa3 28. c4 a5 29. Kc3 b5 30. cxb5 Nxb5+ 31. Kb3 a4+ 32. Kb4 Nc3 33. Kxc3 a3 34. Kb3 a2 35. Kxa2 g6 36. fxg6 hxg6 37. f4 Kf8 38. h4 Ke7 39. Kb3 Ke6 40. Kc4 f5 41. Bc6 g5 42. hxg5 Ke7 43. Kd5 Kf7 44. Kd6 Kg7 45. e6 Kf8 46. e7+ Kg7 47. e8Q Kh7 48. Qh5+ Kg8 49. Ke7 Kg7 50. Bb5 Kg8 51. Kf6 Kf8 52. Qh8# 1-0

[Event "Berlin Unicorn op"]
[Site "Berlin"]
[Date "2008.05.01"]
[Round "3"]
[White "Schildt, Rene"]
[Black "Tschirschwitz, Stephan"]
[Result "1-0"]
[WhiteElo "1992"]
[BlackElo "1582"]
[PlyCount "63"]
[EventDate "2008.04.30"]
[EventType "swiss"]
[EventRounds "7"]
[EventCountry "GER"]
[SourceTitle "CBM 124 Extra"]
[Source "ChessBase"]
[SourceDate "2008.07.03"]
[SourceVersion "1"]
[SourceVersionDate "2008.07.03"]
[SourceQuality "1"]

1. e4 c5 2. Nf3 Nc6 3. d4 cxd4 4. Nxd4 a6 5. c4 e6 6. a3 g6 7. Nc3 Bg7 8. Be3 d6 9. Be2 Nf6 10. 0-0 Nxd4 11. Bxd4 0-0 12. Be3 Qe7 13. Qc2 Bd7 14. Rad1 Rfd8 15. Bb6 Rdc8 16. b4 Ne8 17. f4 Bxc3 18. Qxc3 Rc6 19. Qe3 e5 20. f5 Kg7 21. c5 Qh4 22. Rf3 Nf6 23. fxg6 fxg6 24. Rdf1 Rf8 25. h3 Rcc8 26. Bd3 d5 27. exd5 Nxd5 28. Qxe5+ Nf6 29. Rxf6 Rxf6 30. Qe7+ Kh6 31. Qxf6 Qg3 32. Rf4 1-0